Barbie Life in the Dream House Characters - Statistics

General Stats
  • This quiz has been taken 1,029 times
  • The average score is 8 of 14
Answer Stats
% Correct
1) Loves the color pink, and has a great eye for fashion. Barbie
100%
2) The above's love interest. Ken
97%
13) #1's youngest sister. Chelsea
76%
6) Wanna be musician who is in love with #1. Ryan
72%
9) #6's twin sister, who's in love with #2. Raquelle
64%
8) #1's childhood best friend, throwback to the 1960s. Midge
63%
14) #1's best friend, who loves sports and makes simple activities EPIC! Summer
57%
11) Also one of #1's best friend, who has brown hair, and hazel eyes. Teresa
57%
4) #1's sister who loves extreme sports and keeps everyone on their toes. Stacie
55%
10) #1's smart and sassy best friend, who loves crazy adventures. Nikki
49%
3) #1's pet cat. Blissa
45%
12) #1's pet dog. Taffy
43%
7) #1's pet palomino horse. Tawny
31%
5) #1's best friend who is originaly from the doll line "So in Style". Grace
17%
No matching quizzes found
Score Distribution
Percent of People with Each Score
Percentile by Number Answered
Your Score History
You have not taken this quiz